| 000 | 01186nam a2200325 ia4500 | ||
|---|---|---|---|
| 005 | 20230116105149.0 | ||
| 008 | 230115s2019 ua a|||b |||| 00| 1 ara d | ||
| 020 |
_a9789776577985 _cRM29.90 _qpaperback |
||
| 040 |
_aPPAK _beng _cPPAK _erda |
||
| 041 | 1 |
_aeng _hara |
|
| 082 | 0 | 4 |
_223 _a892.73 |
| 090 | 0 | 0 |
_a892.73 _bHAS _dK |
| 100 | 1 |
_aHassan, Hala, _eauthor. |
|
| 245 | 1 | 0 |
_6880-01 _aLa taghdab min eayilatik = _bDon't be angry with your family / _cHala Hassan |
| 246 | 3 | 1 | _aDon't be angry with your family |
| 250 | _aFirst Edition | ||
| 264 | 1 |
_aEgypt : _bArab Foundation Publishers and Distributors, _c[2019?] |
|
| 300 |
_a16 pages : _bcolor illustration ; _c33 cm |
||
| 336 |
_atext _2rdacontent |
||
| 337 |
_aunmediated _2rdamedia |
||
| 338 |
_avolume _2rdacarrier |
||
| 490 | 1 | _aMORAL STORIES FOR KIDS | |
| 546 | _aText in Arabic and English. | ||
| 650 | 1 | 0 |
_aChildren's stories, Arabic _xTranslation into English |
| 650 | 2 | 0 |
_aDidactic fiction, Arabic _xTranslation into English |
| 650 | 2 | 0 |
_aChildren's stories, English _xTranslations from Arabic |
| 830 | 0 | _aMoral stories for kids | |
| 880 | 1 | 0 |
_6245-01/(3/r _aلا تغضب من عائلتك |
| 942 |
_2ddc _cB |
||
| 999 |
_c191134 _d191134 |
||